[Event "SRB-chT2 South"]
[Site "Nis"]
[Date "2013.10.20"]
[Round "6.3"]
[White "Djordjevic, Miroslav"]
[Black "Smiljkovic, Dejan"]
[Result "0-1"]
[WhiteElo "2040"]
[BlackElo "1928"]
[PlyCount "40"]
[EventDate "2013.10.17"]
[EventType "team-swiss"]
[EventRounds "8"]
[EventCountry "SRB"]
[SourceTitle "EXT 2015"]
[Source "ChessBase"]
[SourceDate "2014.11.20"]
[SourceVersion "1"]
[SourceVersionDate "2014.11.20"]
[SourceQuality "1"]

1. e4 d5 2. exd5 Qxd5 3. Nc3 Qd6 4. d4 Nf6 5. Nf3 Bg4 6. Be3 c6 7. h3 Bh5 8. Be2 e6 9. Ne5 Bxe2 10. Qxe2 Nbd7 11. f4 Be7 12. 0-0-0 Nb6 13. g4 Rf8 14. g5 Nfd7 15. Qh5 Qb4 16. Qxh7 Nxe5 17. dxe5 Nc4 18. Rd3 Qxb2+ 19. Kd1 Nxe3+ 20. Rxe3 Qa1+ 0-1